00401nam a2200157Ia 45000010006000000050017000060080041000230410008000640820018000721000040000902450054001302600009001843000034001936500008002276540008002351811120260306171606.0260306s9999||||xx |||||||||||||| ||und|| aESP a658.4012bD18 aD´Alessio Ipinza, Fernando A.eAUT 0aEl proceso estratégico:bun enfoque de gerencia c2008 axxvi, 444 páginas :c23 cm. aGEN aCAN